Historia de la economía del mundo occidental: hasta principios de la segunda guerra mundial

Saved in:
Bibliografiske detaljer
Hovedforfatter: Barnes, Harry Elmer (Author)
Format: Bog
Sprog:spansk
Udgivet: Ciudad de México UTEHA 1955
Fag:
Tags: Tilføj Tag
Ingen Tags, Vær først til at tagge denne postø!

MARC

LEADER 00000nam a2200000 a 4500
001 UCW2890
003 CL-VaPUC
008 930528e19550000MX |||||||||||||||||spa|d
082 0 4 |a 330.94  |b BAR  |2 21 
100 0 |a Barnes, Harry Elmer  |e author  |9 307217 
245 1 0 |a Historia de la economía del mundo occidental: hasta principios de la segunda guerra mundial 
300 |a 910 p 
942 |c BK 
945 |d 19930528 00:00:00 
260 |a Ciudad de México  |b UTEHA  |c 1955 
650 0 |a Historia económica  |9 307218 
650 7 |a INDUSTRIA HISTORIA  |2 CL-VaPUC  |9 268492 
650 0 |a Condiciones económicas  |9 258255 
651 0 |a Europa  |9 255156 
583 |a last modification  |c 19930528 00:00:00  |k Rodrigo Vera 
999 |c 217291  |d 217289 
952 |0 0  |1 0  |4 0  |6 330_940000000000000_BAR_1955  |7 0  |8 A  |9 204485  |a BIBDER  |b BIBDER  |d 2019-11-15  |i 1811495  |o 330.94 BAR 1955  |p 1811495  |r 2023-01-25  |w 2019-11-15  |y BK  |k DER 
952 |0 0  |1 0  |4 0  |6 330_940000000000000_BAR_1955  |7 0  |8 A  |9 204486  |a BIBHIS  |b BIBHIS  |d 2019-11-15  |i 3350967  |o 330.94 BAR 1955  |p 3350967  |r 2025-01-20  |w 2019-11-15  |y BK  |k HIS 
952 |0 0  |1 0  |4 0  |6 330_940000000000000_BAR_1955  |7 0  |8 A  |9 204487  |a BIBHIS  |b BIBHIS  |d 2019-11-15  |i 1332562  |o 330.94 BAR 1955  |p 1332562  |r 2025-01-20  |w 2019-11-15  |y BK  |k HIS